Tourism : Student's book Level 1
Tourism is divided into three levels: Provision, encounters, and management. Each of these levels develops the vocabulary, language, and skills that students will need to communicate effectively with customers and colleagues, whether working in an administrative or managerial role.
Αποθηκεύτηκε σε:
| Κύριος συγγραφέας: | |
|---|---|
| Άλλοι συγγραφείς: | |
| Μορφή: | Βιβλίο |
| Γλώσσα: | Vietnamese |
| Έκδοση: |
United Kingdom
Oxford University Press
2006
|
| Σειρά: | Oxford English for careers
|
| Θέματα: | |
| Ετικέτες: |
Προσθήκη ετικέτας
Δεν υπάρχουν, Καταχωρήστε ετικέτα πρώτοι!
|
| Thư viện lưu trữ: | Thư viện Trường Đại học Nam Cần Thơ |
|---|
| LEADER | 01076nam a22002177a 4500 | ||
|---|---|---|---|
| 001 | NCT_91677 | ||
| 008 | 210717b xxu||||| |||| 00| 0 vie d | ||
| 999 | |c 4528 |d 4528 | ||
| 020 | |a 9780194551007 |c 533000 | ||
| 082 | 0 | 4 | |2 23rd ed. |a 428 |b W178/L.1 |
| 100 | 1 | |a Walker, Robin | |
| 245 | 1 | 0 | |a Tourism : |b Student's book |n Level 1 |c Robin Walker, Keith Harding |
| 260 | |a United Kingdom |b Oxford University Press |c 2006 | ||
| 300 | |a 143 p. |b ill. |c 28cm | ||
| 490 | |a Oxford English for careers | ||
| 520 | 3 | |a Tourism is divided into three levels: Provision, encounters, and management. Each of these levels develops the vocabulary, language, and skills that students will need to communicate effectively with customers and colleagues, whether working in an administrative or managerial role. | |
| 653 | |a Cơ bản | ||
| 700 | |a Harding, Keith | ||
| 942 | |2 ddc |c BK | ||
| 952 | |0 0 |1 0 |2 ddc |4 0 |6 428_000000000000000_W178_L_1 |7 0 |9 21539 |a 000001 |b 000001 |d 2021-07-17 |o 428 W178/L.1 |p MD.18782 |r 2021-07-17 |v 533000.00 |w 2021-07-17 |y BK | ||
| 980 | |a Thư viện Trường Đại học Nam Cần Thơ | ||


